[Event "DEM U16w 2024"]
[Site "Willingen GER"]
[Date "2024.05.22"]
[Round "6"]
[White "Reddi, Bhuvana"]
[Black "Trunz, Michelle"]
[Result "0-1"]
[Termination "normal"]
[Board "2"]
[WhiteElo "1826"]
[BlackElo "2049"]
[WhiteClock "00:01:46"]
[BlackClock "00:58:01"]
[PlyCount "112"]
[WhiteFideId "16287002"]
[BlackFideId "16227980"]
[EventCountry "GER"]
[EventRounds "9"]
[EventType "swiss"]
[EventDate "2024.05.18"]

1. e4 {[%clk 01:30:59]} c5 {[%clk 01:30:57]} {[%emt 00:00:04]} 2. Nc3 {[%clk
01:31:26]} {[%emt 00:00:03]} Nc6 {[%clk 01:31:23]} {[%emt 00:00:04]} 3. f4
{[%clk 01:31:51]} {[%emt 00:00:04]} g6 {[%clk 01:31:41]} {[%emt 00:00:12]} 4.
Nf3 {[%clk 01:32:07]} {[%emt 00:00:15]} Bg7 {[%clk 01:31:57]} {[%emt 00:00:14]}
5. a4 {[%clk 01:31:30]} {[%emt 00:01:08]} d6 {[%clk 01:31:34]} {[%emt
00:00:52]} 6. Bb5 {[%clk 01:31:44]} {[%emt 00:00:16]} Bd7 {[%clk 01:31:59]}
{[%emt 00:00:05]} 7. O-O {[%clk 01:31:43]} {[%emt 00:00:31]} Nd4 {[%clk
01:32:02]} {[%emt 00:00:27]} 8. Bxd7+ {[%clk 01:31:58]} {[%emt 00:00:15]} Qxd7
{[%clk 01:32:31]} {[%emt 00:00:02]} 9. d3 {[%clk 01:31:34]} {[%emt 00:00:52]}
e6 {[%clk 01:32:10]} {[%emt 00:00:51]} 10. Ne2 {[%clk 01:27:33]} {[%emt
00:04:31]} Ne7 {[%clk 01:32:28]} {[%emt 00:00:13]} 11. c3 {[%clk 01:26:29]}
{[%emt 00:01:33]} Nxf3+ {[%clk 01:32:52]} {[%emt 00:00:07]} 12. Rxf3 {[%clk
01:26:51]} {[%emt 00:00:07]} O-O {[%clk 01:30:53]} {[%emt 00:02:29]} 13. Be3
{[%clk 01:23:38]} {[%emt 00:03:43]} Rac8 {[%clk 01:30:21]} {[%emt 00:01:03]}
14. Qe1 {[%clk 01:21:04]} {[%emt 00:03:04]} f5 {[%clk 01:29:36]} {[%emt
00:01:15]} 15. Rh3 {[%clk 01:17:36]} {[%emt 00:03:58]} Bf6 {[%clk 01:28:29]}
{[%emt 00:01:37]} 16. Qg3 {[%clk 01:10:39]} {[%emt 00:07:26]} Nc6 {[%clk
01:21:18]} {[%emt 00:07:41]} 17. Qf3 {[%clk 01:05:28]} {[%emt 00:05:42]} b6
{[%clk 01:10:42]} {[%emt 00:11:06]} 18. exf5 {[%clk 00:48:43]} {[%emt
00:17:14]} exf5 {[%clk 01:11:00]} {[%emt 00:00:12]} 19. Qd5+ {[%clk 00:48:35]}
{[%emt 00:00:38]} Qf7 {[%clk 01:10:40]} {[%emt 00:00:51]} 20. Qxf7+ {[%clk
00:47:05]} {[%emt 00:02:00]} Rxf7 {[%clk 01:11:09]} 21. Rd1 {[%clk 00:46:55]}
{[%emt 00:00:39]} Re7 {[%clk 01:09:02]} {[%emt 00:02:38]} 22. Re1 {[%clk
00:42:31]} {[%emt 00:04:53]} Rce8 {[%clk 01:08:29]} {[%emt 00:01:03]} 23. Kf2
{[%clk 00:42:12]} {[%emt 00:00:49]} d5 {[%clk 01:07:54]} {[%emt 00:01:06]} 24.
Bd2 {[%clk 00:41:58]} {[%emt 00:00:43]} Na5 {[%clk 01:03:27]} {[%emt 00:04:58]}
25. Nc1 {[%clk 00:41:24]} {[%emt 00:01:03]} c4 {[%clk 01:01:51]} {[%emt
00:02:06]} 26. Rxe7 {[%clk 00:38:31]} {[%emt 00:03:24]} Rxe7 {[%clk 01:02:20]}
{[%emt 00:00:01]} 27. Re3 {[%clk 00:38:45]} {[%emt 00:00:14]} Rd7 {[%clk
01:01:07]} {[%emt 00:01:44]} 28. d4 {[%clk 00:33:58]} {[%emt 00:05:17]} Nb7
{[%clk 01:00:27]} {[%emt 00:01:10]} 29. Ne2 {[%clk 00:31:23]} {[%emt 00:03:05]}
Nd6 {[%clk 01:00:15]} {[%emt 00:00:43]} 30. Ng1 {[%clk 00:24:49]} {[%emt
00:07:02]} Ne4+ {[%clk 00:59:46]} {[%emt 00:01:01]} 31. Ke2 {[%clk 00:24:35]}
{[%emt 00:00:42]} g5 {[%clk 00:56:31]} {[%emt 00:03:47]} 32. Nh3 {[%clk
00:23:35]} {[%emt 00:01:30]} h6 {[%clk 00:53:47]} {[%emt 00:03:14]} 33. g3
{[%clk 00:21:05]} {[%emt 00:02:59]} Rg7 {[%clk 00:50:43]} {[%emt 00:03:34]} 34.
Kd1 {[%clk 00:19:54]} {[%emt 00:01:39]} g4 {[%clk 00:48:35]} {[%emt 00:02:41]}
35. Ng1 {[%clk 00:19:43]} {[%emt 00:00:39]} h5 {[%clk 00:48:42]} {[%emt
00:00:24]} 36. Be1 {[%clk 00:19:08]} {[%emt 00:01:03]} a6 {[%clk 00:47:38]}
{[%emt 00:01:36]} 37. Kc2 {[%clk 00:15:37]} {[%emt 00:04:01]} b5 {[%clk
00:47:41]} {[%emt 00:00:28]} 38. axb5 {[%clk 00:15:31]} {[%emt 00:00:35]} axb5
{[%clk 00:48:10]} 39. Ne2 {[%clk 00:11:51]} {[%emt 00:04:10]} Rh7 {[%clk
00:47:27]} {[%emt 00:01:13]} 40. Kc1 {[%clk 00:07:53]} {[%emt 00:04:28]} Kf7
{[%clk 00:44:23]} {[%emt 00:03:34]} 41. Kc2 {[%clk 00:07:25]} {[%emt 00:00:58]}
Kg6 {[%clk 00:44:27]} {[%emt 00:00:26]} 42. b4 {[%clk 00:21:01]} {[%emt
00:16:55]} h4 {[%clk 01:10:42]} {[%emt 00:04:15]} 43. Kc1 {[%clk 00:17:47]}
{[%emt 00:03:40]} hxg3 {[%clk 01:10:47]} {[%emt 00:00:28]} 44. Bxg3 {[%clk
00:17:40]} {[%emt 00:00:37]} Bh4 {[%clk 01:09:03]} {[%emt 00:02:15]} 45. Kc2
{[%clk 00:16:08]} {[%emt 00:02:00]} Bxg3 {[%clk 01:09:08]} {[%emt 00:00:26]}
46. hxg3 {[%clk 00:16:18]} {[%emt 00:00:19]} Rh1 {[%clk 01:08:07]} {[%emt
00:01:31]} 47. Kb2 {[%clk 00:02:22]} {[%emt 00:14:27]} Re1 {[%clk 01:04:29]}
{[%emt 00:04:07]} 48. Kc2 {[%clk 00:02:40]} {[%emt 00:00:12]} Nxg3 {[%clk
00:55:36]} {[%emt 00:09:24]} 49. Kd2 {[%clk 00:01:36]} {[%emt 00:01:34]} Rxe2+
{[%clk 00:55:32]} {[%emt 00:00:34]} 50. Rxe2 {[%clk 00:01:58]} {[%emt
00:00:08]} Nxe2 {[%clk 00:56:01]} 51. Kxe2 {[%clk 00:02:27]} {[%emt 00:00:01]}
Kh5 {[%clk 00:56:22]} {[%emt 00:00:10]} 52. Kf2 {[%clk 00:01:45]} {[%emt
00:01:11]} Kh4 {[%clk 00:56:49]} {[%emt 00:00:03]} 53. Kg2 {[%clk 00:01:24]}
{[%emt 00:00:51]} g3 {[%clk 00:57:11]} {[%emt 00:00:08]} 54. Kf1 {[%clk
00:01:17]} {[%emt 00:00:36]} Kg4 {[%clk 00:57:33]} {[%emt 00:00:09]} 55. Kg2
{[%clk 00:01:31]} {[%emt 00:00:16]} Kxf4 {[%clk 00:57:57]} {[%emt 00:00:05]}
56. Kf1 {[%clk 00:01:46]} {[%emt 00:00:15]} Ke3 {[%clk 00:58:01]} {[%emt
00:00:26]} 0-1

[Event "DEM U16w 2024"]
[Site "Willingen GER"]
[Date "2024.05.22"]
[Round "6"]
[White "Bräutigam, Katerina"]
[Black "Hasselmann, Isabelle Sophia"]
[Result "1-0"]
[Termination "normal"]
[Board "3"]
[WhiteElo "1988"]
[BlackElo "1655"]
[WhiteClock "00:03:06"]
[BlackClock "00:02:29"]
[PlyCount "75"]
[WhiteFideId "16242980"]
[BlackFideId "16266951"]
[EventCountry "GER"]
[EventRounds "9"]
[EventType "swiss"]
[EventDate "2024.05.18"]

1. d4 {[%clk 01:30:59]} d5 {[%clk 01:30:55]} {[%emt 00:00:06]} 2. Bf4 {[%clk
01:31:24]} {[%emt 00:00:04]} Nf6 {[%clk 01:31:01]} {[%emt 00:00:25]} 3. e3
{[%clk 01:31:46]} {[%emt 00:00:07]} e6 {[%clk 01:31:15]} {[%emt 00:00:16]} 4.
Nd2 {[%clk 01:32:00]} {[%emt 00:00:16]} c5 {[%clk 01:31:28]} {[%emt 00:00:18]}
5. c3 {[%clk 01:32:24]} {[%emt 00:00:05]} Nc6 {[%clk 01:31:30]} {[%emt
00:00:28]} 6. Ngf3 {[%clk 01:32:17]} {[%emt 00:00:38]} Be7 {[%clk 01:31:02]}
{[%emt 00:00:57]} 7. Bd3 {[%clk 01:29:26]} {[%emt 00:03:20]} c4 {[%clk
01:28:24]} {[%emt 00:03:09]} 8. Be2 {[%clk 01:28:01]} {[%emt 00:01:56]} b5
{[%clk 01:27:28]} {[%emt 00:01:26]} 9. Qc2 {[%clk 01:24:59]} {[%emt 00:03:32]}
a5 {[%clk 01:23:15]} {[%emt 00:04:42]} 10. O-O {[%clk 01:23:08]} {[%emt
00:02:21]} b4 {[%clk 01:20:29]} {[%emt 00:03:17]} 11. e4 {[%clk 01:19:52]}
{[%emt 00:03:45]} a4 {[%clk 01:15:51]} {[%emt 00:05:09]} 12. e5 {[%clk
01:16:47]} {[%emt 00:03:35]} b3 {[%clk 01:12:02]} {[%emt 00:04:19]} 13. Qd1
{[%clk 01:07:29]} {[%emt 00:09:48]} Nd7 {[%clk 01:08:10]} {[%emt 00:04:22]} 14.
axb3 {[%clk 01:05:40]} {[%emt 00:02:19]} cxb3 {[%clk 01:07:23]} {[%emt
00:01:17]} 15. Bb5 {[%clk 00:56:46]} {[%emt 00:09:23]} Qb6 {[%clk 01:05:26]}
{[%emt 00:02:27]} 16. Bxa4 {[%clk 00:56:05]} {[%emt 00:01:11]} Ba6 {[%clk
01:04:09]} {[%emt 00:01:47]} 17. Bxb3 {[%clk 00:53:25]} {[%emt 00:03:10]} Rb8
{[%clk 00:52:57]} {[%emt 00:11:43]} 18. Re1 {[%clk 00:52:47]} {[%emt 00:01:06]}
Na5 {[%clk 00:50:32]} {[%emt 00:02:56]} 19. Ba4 {[%clk 00:50:59]} {[%emt
00:02:18]} Nc4 {[%clk 00:44:15]} {[%emt 00:06:47]} 20. Nxc4 {[%clk 00:42:37]}
{[%emt 00:08:52]} dxc4 {[%clk 00:43:38]} {[%emt 00:01:08]} 21. d5 {[%clk
00:36:26]} {[%emt 00:06:40]} Bb5 {[%clk 00:37:28]} {[%emt 00:06:40]} 22. Bxb5
{[%clk 00:29:13]} {[%emt 00:07:43]} Qxb5 {[%clk 00:37:54]} {[%emt 00:00:05]}
23. dxe6 {[%clk 00:29:27]} {[%emt 00:00:15]} fxe6 {[%clk 00:38:15]} {[%emt
00:00:09]} 24. Nd4 {[%clk 00:27:58]} {[%emt 00:01:58]} Qb6 {[%clk 00:31:28]}
{[%emt 00:07:18]} 25. Qg4 {[%clk 00:23:47]} {[%emt 00:04:41]} Nc5 {[%clk
00:19:58]} {[%emt 00:12:00]} 26. Qxg7 {[%clk 00:15:52]} {[%emt 00:08:24]} Rf8
{[%clk 00:20:14]} {[%emt 00:00:16]} 27. Bg5 {[%clk 00:13:06]} {[%emt 00:03:15]}
Rf7 {[%clk 00:19:47]} {[%emt 00:00:57]} 28. Qh6 {[%clk 00:11:04]} {[%emt
00:02:30]} Qxb2 {[%emt 00:05:53]} 29. Be3 {[%clk 00:10:09]} {[%emt 00:01:21]}
Nd3 {[%clk 00:12:46]} {[%emt 00:02:15]} 30. Rf1 {[%clk 00:08:11]} {[%emt
00:02:27]} Nxf2 {[%clk 00:09:39]} {[%emt 00:03:37]} 31. Qh5 {[%clk 00:04:37]}
{[%emt 00:04:03]} Nh3+ {[%clk 00:03:15]} {[%emt 00:06:55]} 32. gxh3 {[%clk
00:02:47]} {[%emt 00:02:19]} Qb7 {[%clk 00:02:41]} {[%emt 00:01:05]} 33. Qxf7+
{[%clk 00:02:48]} {[%emt 00:00:28]} Kd7 {[%clk 00:02:35]} {[%emt 00:00:37]} 34.
Qxe6+ {[%clk 00:02:42]} {[%emt 00:00:35]} Ke8 {[%clk 00:02:27]} {[%emt
00:00:39]} 35. Qf7+ {[%clk 00:02:12]} {[%emt 00:00:59]} Kd8 {[%clk 00:02:01]}
{[%emt 00:00:57]} 36. Ne6+ {[%clk 00:02:23]} {[%emt 00:00:19]} Kc8 {[%clk
00:02:02]} {[%emt 00:00:29]} 37. Qe8+ {[%clk 00:02:43]} {[%emt 00:00:10]} Bd8
{[%clk 00:02:29]} {[%emt 00:00:03]} 38. Qxd8# {[%clk 00:03:06]} {[%emt
00:00:07]} 1-0

[Event "DEM U16w 2024"]
[Site "Willingen GER"]
[Date "2024.05.22"]
[Round "6"]
[White "Fetahovic, Sarah"]
[Black "Moldovan, Tatiana"]
[Result "0-1"]
[Termination "normal"]
[Board "4"]
[WhiteElo "1761"]
[BlackElo "1708"]
[WhiteClock "00:02:41"]
[BlackClock "01:20:41"]
[PlyCount "108"]
[WhiteFideId "34601546"]
[BlackFideId "16287398"]
[EventCountry "GER"]
[EventRounds "9"]
[EventType "swiss"]
[EventDate "2024.05.18"]

1. e4 {[%clk 01:30:55]} {[%emt 00:00:03]} c5 {[%clk 01:30:53]} {[%emt
00:00:08]} 2. Be2 {[%clk 01:31:02]} {[%emt 00:00:23]} Nc6 {[%clk 01:31:07]}
{[%emt 00:00:16]} 3. f4 {[%clk 01:30:46]} {[%emt 00:00:46]} d5 {[%clk
01:31:03]} {[%emt 00:00:34]} 4. d3 {[%clk 01:30:38]} {[%emt 00:00:37]} Nh6
{[%clk 01:30:44]} {[%emt 00:00:50]} 5. Nf3 {[%clk 01:19:36]} {[%emt 00:11:32]}
Bg4 {[%clk 01:29:46]} {[%emt 00:01:27]} 6. c3 {[%clk 01:15:37]} {[%emt
00:04:29]} e6 {[%clk 01:29:39]} {[%emt 00:00:38]} 7. O-O {[%clk 01:08:39]}
{[%emt 00:07:28]} Be7 {[%clk 01:28:44]} {[%emt 00:01:25]} 8. Kh1 {[%clk
00:52:01]} {[%emt 00:17:07]} Rc8 {[%clk 01:21:08]} {[%emt 00:08:06]} 9. Be3
{[%clk 00:39:57]} {[%emt 00:12:34]} Qb6 {[%clk 01:17:34]} {[%emt 00:04:04]} 10.
Qc2 {[%clk 00:28:51]} {[%emt 00:11:37]} Qd8 {[%clk 01:14:04]} {[%emt 00:04:00]}
11. Nbd2 {[%clk 00:25:32]} {[%emt 00:03:49]} Ng8 {[%clk 01:08:37]} {[%emt
00:05:58]} 12. h3 {[%clk 00:17:51]} {[%emt 00:08:10]} Bxf3 {[%clk 01:07:18]}
{[%emt 00:00:26]} 13. Bxf3 {[%clk 00:18:20]} Nf6 {[%clk 01:05:46]} {[%emt
00:03:25]} 14. Rac1 {[%clk 00:17:40]} {[%emt 00:01:10]} dxe4 {[%clk 00:55:12]}
{[%emt 00:11:05]} 15. dxe4 {[%clk 00:16:17]} {[%emt 00:01:54]} e5 {[%clk
00:54:48]} {[%emt 00:00:53]} 16. Nc4 {[%clk 00:06:00]} {[%emt 00:10:47]} Nd7
{[%clk 00:53:08]} {[%emt 00:02:10]} 17. Rcd1 {[%clk 00:02:19]} {[%emt
00:04:11]} Qc7 {[%clk 00:53:16]} {[%emt 00:00:23]} 18. Bg4 {[%clk 00:01:36]}
{[%emt 00:01:12]} Rd8 {[%clk 00:52:54]} {[%emt 00:00:51]} 19. Bxd7+ {[%clk
00:00:59]} {[%emt 00:01:07]} Rxd7 {[%clk 00:53:19]} {[%emt 00:00:05]} 20. Rxd7
{[%clk 00:01:19]} {[%emt 00:00:10]} Qxd7 {[%clk 00:53:34]} {[%emt 00:00:15]}
21. fxe5 {[%clk 00:01:05]} {[%emt 00:00:45]} Qe6 {[%clk 00:53:21]} {[%emt
00:00:42]} 22. Nd6+ {[%clk 00:00:50]} {[%emt 00:00:45]} Bxd6 {[%clk 00:53:19]}
{[%emt 00:00:33]} 23. exd6 {[%clk 00:01:17]} {[%emt 00:00:03]} b6 {[%clk
00:51:57]} {[%emt 00:01:52]} 24. Qa4 {[%clk 00:00:55]} {[%emt 00:00:52]} Kd7
{[%clk 00:50:18]} {[%emt 00:02:09]} 25. Bf4 {[%clk 00:00:35]} {[%emt 00:00:49]}
Rb8 {[%clk 00:49:22]} {[%emt 00:01:27]} 26. Qc2 {[%clk 00:00:33]} {[%emt
00:00:32]} f6 {[%clk 00:49:23]} {[%emt 00:00:29]} 27. Bh2 {[%clk 00:00:38]}
{[%emt 00:00:25]} Ne5 {[%clk 00:48:57]} {[%emt 00:00:55]} 28. Rd1 {[%clk
00:00:33]} {[%emt 00:00:36]} b5 {[%clk 00:48:36]} {[%emt 00:00:51]} 29. a4
{[%clk 00:00:46]} {[%emt 00:00:17]} a6 {[%clk 00:48:44]} {[%emt 00:00:22]} 30.
Bg1 {[%clk 00:00:45]} {[%emt 00:00:30]} Qc4 {[%clk 00:48:16]} {[%emt 00:00:55]}
31. b3 {[%emt 00:01:17]} Qf7 {[%clk 00:47:37]} {[%emt 00:00:22]} 32. Bxc5
{[%clk 00:01:09]} {[%emt 00:00:10]} Rc8 {[%clk 00:47:20]} {[%emt 00:00:47]} 33.
b4 {[%clk 00:00:47]} {[%emt 00:00:52]} Qc4 {[%clk 00:47:12]} {[%emt 00:00:38]}
34. a5 {[%emt 00:00:59]} Nc6 {[%clk 00:47:01]} {[%emt 00:00:19]} 35. Qd3 {[%clk
00:00:42]} {[%emt 00:00:27]} Qxd3 {[%clk 00:46:00]} {[%emt 00:01:32]} 36. Rxd3
{[%clk 00:01:10]} {[%emt 00:00:02]} Nxa5 {[%clk 00:46:19]} {[%emt 00:00:11]}
37. bxa5 {[%clk 00:00:45]} Rxc5 {[%clk 00:46:40]} {[%emt 00:01:03]} 38. Kg1
{[%emt 00:00:42]} Rc6 {[%clk 00:46:16]} {[%emt 00:00:30]} 39. Kf2 {[%emt
00:00:11]} Rxd6 {[%clk 00:46:36]} {[%emt 00:00:04]} 40. Rxd6+ {[%clk 00:01:06]}
{[%emt 00:00:47]} Kxd6 {[%emt 00:04:32]} 41. g4 {[%clk 00:08:56]} {[%emt
00:18:14]} Kc5 {[%clk 01:17:14]} {[%emt 00:00:15]} 42. h4 {[%clk 00:06:57]}
{[%emt 00:02:28]} Kc4 {[%clk 01:17:12]} 43. g5 {[%clk 00:06:19]} {[%emt
00:01:40]} Kxc3 {[%clk 01:17:33]} {[%emt 00:00:10]} 44. h5 {[%clk 00:06:17]}
{[%emt 00:00:31]} h6 {[%clk 01:17:45]} {[%emt 00:00:19]} 45. gxf6 {[%clk
00:04:05]} {[%emt 00:02:41]} gxf6 {[%clk 01:18:12]} {[%emt 00:00:04]} 46. Kf3
{[%clk 00:04:28]} {[%emt 00:00:07]} b4 {[%clk 01:18:36]} {[%emt 00:00:06]} 47.
Kf4 {[%clk 00:04:50]} {[%emt 00:00:07]} b3 {[%clk 01:18:12]} {[%emt 00:00:55]}
48. Kf5 {[%clk 00:05:13]} {[%emt 00:00:06]} Kd4 {[%clk 01:18:30]} {[%emt
00:00:12]} 49. Kxf6 {[%clk 00:03:05]} {[%emt 00:02:38]} Kxe4 {[%clk 01:18:56]}
{[%emt 00:00:05]} 50. Kg6 {[%clk 00:03:27]} {[%emt 00:00:08]} b2 {[%clk
01:19:23]} {[%emt 00:00:03]} 51. Kxh6 {[%clk 00:03:50]} {[%emt 00:00:06]} b1=Q
{[%clk 01:19:47]} {[%emt 00:00:06]} 52. Kg7 {[%clk 00:02:40]} {[%emt 00:01:39]}
Qa1+ {[%clk 01:20:09]} {[%emt 00:00:09]} 53. Kh7 {[%clk 00:02:35]} {[%emt
00:00:35]} Qf6 {[%clk 01:20:24]} {[%emt 00:00:15]} 54. h6 {[%clk 00:02:41]}
{[%emt 00:00:24]} Kf5 {[%clk 01:20:41]} {[%emt 00:00:12]} 0-1

[Event "DEM U16w 2024"]
[Site "Willingen GER"]
[Date "2024.05.22"]
[Round "6"]
[White "Wilmink, Anna"]
[Black "Müller, Riyanna"]
[Result "1/2-1/2"]
[Termination "normal"]
[Board "5"]
[WhiteElo "1903"]
[BlackElo "1902"]
[WhiteClock "00:11:00"]
[BlackClock "00:06:28"]
[PlyCount "53"]
[WhiteFideId "16273680"]
[BlackFideId "16287401"]
[EventCountry "GER"]
[EventRounds "9"]
[EventType "swiss"]
[EventDate "2024.05.18"]

1. e4 {[%clk 01:30:59]} {[%emt 00:00:01]} c6 {[%clk 01:30:55]} {[%emt
00:00:05]} 2. d4 {[%clk 01:31:16]} {[%emt 00:00:13]} d5 {[%clk 01:31:18]}
{[%emt 00:00:07]} 3. Nc3 {[%clk 01:31:40]} {[%emt 00:00:06]} dxe4 {[%clk
01:31:39]} {[%emt 00:00:09]} 4. Nxe4 {[%clk 01:32:06]} {[%emt 00:00:04]} Bf5
{[%clk 01:32:00]} {[%emt 00:00:09]} 5. Ng3 {[%clk 01:30:59]} {[%emt 00:01:37]}
Bg6 {[%clk 01:32:13]} {[%emt 00:00:17]} 6. Nf3 {[%clk 01:30:26]} {[%emt
00:01:02]} Nd7 {[%clk 01:32:25]} {[%emt 00:00:19]} 7. Nh4 {[%clk 01:28:32]}
{[%emt 00:02:24]} Ngf6 {[%clk 01:31:28]} {[%emt 00:01:27]} 8. Nxg6 {[%clk
01:28:00]} {[%emt 00:01:02]} hxg6 {[%clk 01:31:50]} {[%emt 00:00:08]} 9. Bd3
{[%clk 01:22:10]} {[%emt 00:06:20]} e6 {[%clk 01:31:02]} {[%emt 00:01:18]} 10.
c3 {[%clk 01:17:19]} {[%emt 00:05:21]} Bd6 {[%clk 01:30:36]} {[%emt 00:00:55]}
11. h3 {[%clk 01:12:47]} {[%emt 00:05:03]} Qc7 {[%clk 01:26:55]} {[%emt
00:04:10]} 12. Ne4 {[%clk 01:09:15]} {[%emt 00:04:02]} Nxe4 {[%clk 01:24:10]}
{[%emt 00:03:15]} 13. Bxe4 {[%clk 01:09:37]} {[%emt 00:00:08]} O-O-O {[%clk
01:24:04]} {[%emt 00:00:37]} 14. Qa4 {[%clk 01:01:18]} {[%emt 00:08:48]} Kb8
{[%clk 01:21:22]} {[%emt 00:03:11]} 15. Be3 {[%clk 00:56:27]} {[%emt 00:05:22]}
Nb6 {[%clk 01:12:12]} {[%emt 00:09:40]} 16. Qb3 {[%clk 00:47:35]} {[%emt
00:09:22]} Nd5 {[%clk 01:07:17]} {[%emt 00:05:24]} 17. O-O-O {[%clk 00:44:32]}
{[%emt 00:03:35]} Ka8 {[%clk 00:33:32]} {[%emt 00:34:14]} 18. Kb1 {[%clk
00:39:40]} {[%emt 00:05:23]} Qe7 {[%clk 00:32:15]} {[%emt 00:01:46]} 19. Rhe1
{[%clk 00:33:17]} {[%emt 00:06:53]} Nxe3 {[%emt 00:05:18]} 20. fxe3 {[%clk
00:32:01]} {[%emt 00:01:45]} Qg5 {[%clk 00:23:26]} {[%emt 00:04:31]} 21. Bf3
{[%clk 00:28:13]} {[%emt 00:04:20]} Bg3 {[%clk 00:19:08]} {[%emt 00:04:47]} 22.
Re2 {[%clk 00:27:46]} {[%emt 00:00:56]} Rd7 {[%clk 00:18:34]} {[%emt 00:01:03]}
23. c4 {[%clk 00:22:38]} {[%emt 00:05:40]} Rhd8 {[%clk 00:18:01]} {[%emt
00:01:01]} 24. Rd3 {[%clk 00:18:54]} {[%emt 00:04:16]} Qe7 {[%clk 00:10:54]}
{[%emt 00:07:37]} 25. Red2 {[%clk 00:13:52]} {[%emt 00:05:32]} Be1 {[%clk
00:08:11]} {[%emt 00:03:13]} 26. Rd1 {[%clk 00:13:18]} {[%emt 00:01:04]} Qb4
{[%clk 00:06:28]} {[%emt 00:02:13]} 27. Qxb4 {[%clk 00:11:00]} {[%emt
00:02:49]} 1/2-1/2